banner-ar

الغش فى الامتحانات : (Record no. 60341)

MARC details
000 -الفاتح
حقل البيانات ثابتة الطول 01225nam a22002657a 4500
005 - وقت وتاريخ اخر تعامل مع التسجيلة
رقم الضبط 20240530110405.0
008 - عناصر البيانات ثابتة الطول - معلومات عامة
حقل البيانات ثابتة الطول 150201s2012 ua d g 000 0 ara d
017 ## - رقم الايداع القانونى
رقم الايداع القانونى 2011/21178
المصدر ( الهيئة المختصة) مصر . دار الكتب المصرية
020 ## - الرقم الدولى المعيارى للكتب
الرقم الدولى المعيارى للكتاب 9789774382653
040 ## - مصدر الفهرسة
وكالة الفهرسة الأصلية EG-CaGPL
041 0# - رمز اللغة
رمز لغة النص/ المسارات الصوتية أو العنوان الانفرادي ara
082 04 - رقم تصنيف ديوى العشرى
رقم الطبعة 21
رقم التصنيف 371.27\
رقم المادة ل غ
100 0# - المدخل الرئيسى - إسم شخصى
الإسم الشخصى لورنس بسطا زكرى
245 12 - بيان العنوان
العنوان الغش فى الامتحانات :
بقية العنوان اسبابه : نتائجه : مقترحا ت للحد منه /
بيان المسئوليه,etc اعداد لورنس بسطا زكرى ، اعتدال بنت عبدالرحمن حجازى
260 ## - PUBLICATION, DISTRIBUTION, ETC. (IMPRINT)
تاريخ النشر أو التوزيع 2012
300 ## - الوصف المادى
التعداد 188 ص ؛
أبعاد الوعاء 24 سم
490 0# - بيان السلسلة
عنوان السلسلة سلسلة الدراسات : المشكلات السلوكية فى المؤسسات التربوية
504 ## - تبصرة ببليوجرافية
تبصرة ببليوجرافية,الخ ببليوجرافية : ص 183 - 188
650 04 - المدخل الاضافى بالموضوع-مصطلح موضوعى
مصطلح موضوعي الامتحانات
التقسيم الفرعي العام الغش فى
650 04 - المدخل الاضافى بالموضوع-مصطلح موضوعى
مصطلح موضوعي الامتحانات
التقسيم الفرعي العام الغش فى
-- التعليم الثانوى
650 04 - المدخل الاضافى بالموضوع-مصطلح موضوعى
مصطلح موضوعي الامتحانات
التقسيم الفرعي العام الغش فى
-- اسباب
700 0# - المدخل الاضافى - اسم شخصى
الإسم الشخصى اعتدال بنت عبدالرحمن حجازى
الدور معد
942 ## - عناصر المدخل الإضافي( كوها)
مصدر التصنيف او مخطط الترفيف Dewey Decimal Classification
Koha [default] item type كتاب
260 ## - PUBLICATION, DISTRIBUTION, ETC. (IMPRINT)
-- الاسكندرية :
-- المكتب الجامعى الحديث ،
Holdings
حالة التراجع حالة الفقد حالة تلف ليس للاعارة المكان المؤقت الموقع الحالى تاريخ الاكتساب اجمالي اﻻعارات رقم الطلب الباركود تاريخ اخر مشاهدة تاريخ تفعيل السعر نوع وعاء كوها
        مكتبة القاهرة الكبرى مكتبة القاهرة الكبرى 02/01/2015   371.27\ ل غ 159368 02/01/2015 02/01/2015 كتاب

Powered By

EGPV